Charakteristika organizácii na podporu rozvoja podnikania v Slovenskej republike bakalárska práca

Guardado en:
Detalles Bibliográficos
Autor principal: Šarlina, Igor
Autor Corporativo: Fakulta podnikového manažmentu EU. Katedra podnikovohospodárska
Otros Autores: Šúbertová, Elena
Formato: Libro
Lenguaje:eslovaco
Publicado: Bratislava 2017
Etiquetas: Agregar Etiqueta
Sin Etiquetas, Sea el primero en etiquetar este registro!

MARC

LEADER 00000nbm a2200000 4500
001 0232191
005 20171024103127.4
041 0 |a slo 
044 |a SK 
245 1 0 |a Charakteristika organizácii na podporu rozvoja podnikania v Slovenskej republike  |b bakalárska práca  |c Igor Šarlina ; školiteľ: Elena Šúbertová 
264 1 |a Bratislava  |c 2017 
300 |a 47 s. 
100 1 |a Šarlina, Igor 
700 1 |a Šúbertová, Elena 
710 2 |a Fakulta podnikového manažmentu EU. Katedra podnikovohospodárska